000 00722nam a2200217 i 4500
001 95728
003 ES-MaACL
005 20231220202822.0
007 t|
008 050602m19001916sp ||||1| spa d
100 1 _aLluria, Enrique.
_972977
245 1 0 _aEvolución super-orgánica :
_b(la naturaleza y el problema social) /
_cpor Enrique Lluria ; prólogo del Dr. D. Santiago Ramón y Cajal.
260 _aBarcelona :
_bManeu,
_c1900.
300 _a307 p. :
_bil. ;
_c19 cm.
650 4 _aEvolución humana.
_912627
650 4 _aNeurofisiología.
_915528
650 4 _aEvolución social.
_9150064
700 1 _aRamón y Cajal, Santiago,
_d1852-1934
_9226468
852 _aES-MaACL
_jA-3900
999 _c95728
_d95728